Quiz cyclisme coureurs anciens et actuels - Statistiques

Statistiques générales
  • Ce quiz a été pris 965 fois
  • Le résultat moyen est 13 sur 16
Statistiques - réponses
Par images Réponse % Correct
Julian Alaphilippe
98%
Chriistopher Froome
97%
Romain Bardet
97%
Tadej Pogacar
97%
Peter Sagan
95%
Thibaut Pinot
94%
Wout Van Aert
92%
Alberto Contador
90%
Thomas Voeckler
87%
Bernard Hinault
84%
Laurent Jalabert
78%
Nacer Bouhanni
77%
Vincenzo Nibali
77%
David Gaudu
72%
Pavel Sivakov
24%
Davide Rebellin
15%
Aucun quiz correspondant
Distribution des résultats
% des personnes avec chaque résultat
Percentile par nombre de réponses
Votre historique - résultats
Vous n’avez pas pris ce quiz